[Event "SVK-chT1E 1617"]
[Site "Slovakia"]
[Date "2017.02.25"]
[Round "8.8"]
[White "Nandrazi, Artur"]
[Black "Holly, Andrej"]
[Result "0-1"]
[WhiteElo "1839"]
[BlackElo "1792"]
[PlyCount "90"]
[EventDate "2016.10.15"]
[EventType "team-tourn"]
[EventRounds "11"]
[EventCountry "SVK"]
[SourceTitle "EXT 2018"]
[Source "ChessBase"]
[SourceDate "2017.10.13"]
[SourceVersion "1"]
[SourceVersionDate "2017.10.13"]
[SourceQuality "1"]
[WhiteTeam "Presov Slavia PU"]
[BlackTeam "Liptov Chess School II"]
[WhiteTeamCountry "SVK"]
[BlackTeamCountry "SVK"]

1. Nf3 Nf6 2. c4 g6 3. b3 Bg7 4. Bb2 0-0 5. g3 d6 6. d4 c6 7. Bg2 Qc7 8. Nbd2 Nbd7 9. 0-0 e5 10. dxe5 dxe5 11. Qc2 Re8 12. Ng5 Nc5 13. b4 Ne6 14. Nge4 Nxe4 15. Nxe4 f5 16. Nd2 Nd4 17. Bxd4 exd4 18. Qd3 Qe7 19. b5 Qxe2 20. Qxe2 Rxe2 21. bxc6 Rxd2 22. cxb7 Bxb7 23. Bxb7 Rd8 24. Bd5+ Kh8 25. Rfd1 Rb2 26. a4 Rb3 27. Rdb1 Rdb8 28. Rxb3 Rxb3 29. Ra2 d3 30. c5 Rc3 31. Rd2 Bh6 32. f4 Bg7 33. Kf2 Bd4+ 34. Ke1 Rxc5 35. Rxd3 Rxd5 36. Kf1 Rd8 37. Kg2 Bb6 38. Rc3 Rd4 39. Rc8+ Kg7 40. Rc2 Rxa4 41. h4 a5 42. Rd2 Rb4 43. h5 a4 44. Kh3 a3 45. Kh4 Rb2 0-1

[Event "SVK-chT2D 1516"]
[Site "Slovakia"]
[Date "2016.01.24"]
[Round "7.6"]
[White "Nandrazi, Artur"]
[Black "Skovran, Jaroslav"]
[Result "1/2-1/2"]
[WhiteElo "1841"]
[BlackElo "1932"]
[PlyCount "49"]
[EventDate "2015.10.17"]
[EventType "team-tourn"]
[EventRounds "11"]
[EventCountry "SVK"]
[SourceTitle "EXT 2017"]
[Source "ChessBase"]
[SourceDate "2016.10.25"]
[SourceVersion "1"]
[SourceVersionDate "2016.10.25"]
[SourceQuality "1"]
[WhiteTeam "Presov Slavia"]
[BlackTeam "Sabinov II"]
[WhiteTeamCountry "SVK"]
[BlackTeamCountry "SVK"]

1. c4 e5 2. a3 f5 3. d3 Nf6 4. Nc3 Be7 5. g3 d6 6. Bg5 c6 7. Bg2 0-0 8. Nf3 Nbd7 9. b4 a5 10. b5 c5 11. 0-0 Ra7 12. Nd2 Kh8 13. a4 b6 14. Bxf6 Nxf6 15. e4 Ng4 16. h3 Nh6 17. Nd5 Be6 18. Nxe7 Rxe7 19. Qe2 f4 20. g4 Nf7 21. f3 Qc8 22. Nb1 Nd8 23. Nc3 Bg8 24. Qf2 Ne6 25. Ne2 1/2-1/2

[Event "SVK-chT2D 14/15"]
[Site "Slovakia"]
[Date "2014.12.07"]
[Round "6.6"]
[White "Nandrazi, Artur"]
[Black "Kardis, Benjamin"]
[Result "1-0"]
[WhiteElo "1809"]
[BlackElo "1523"]
[PlyCount "37"]
[EventDate "2014.10.11"]
[EventType "team-tourn"]
[EventRounds "11"]
[EventCountry "SVK"]
[SourceTitle "EXT 2019"]
[Source "ChessBase"]
[SourceDate "2018.10.10"]
[SourceVersion "1"]
[SourceVersionDate "2018.10.10"]
[SourceQuality "1"]
[WhiteTeam "Presov Slavia PU"]
[BlackTeam "Sabinov II"]
[WhiteTeamCountry "SVK"]
[BlackTeamCountry "SVK"]

1. c4 Nf6 2. Nc3 g6 3. d4 Bg7 4. e4 d6 5. f3 0-0 6. Be3 e5 7. d5 a5 8. Qd2 Na6 9. Nge2 Bd7 10. g4 Rb8 11. Ng3 Ne8 12. h4 h6 13. Bxh6 Kh7 14. Be3 f5 15. gxf5 gxf5 16. exf5 Bxf5 17. Nxf5 Rxf5 18. Bd3 Qf6 19. Qc2 1-0

[Event "SVK-chT2D 1314"]
[Site "Slovakia"]
[Date "2014.03.16"]
[Round "11.8"]
[White "Nandrazi, Artur"]
[Black "Kulhomerova, Maria"]
[Result "0-1"]
[WhiteElo "1810"]
[BlackElo "1584"]
[PlyCount "40"]
[EventDate "2013.10.19"]
[EventType "team-tourn"]
[EventRounds "11"]
[EventCountry "SVK"]
[SourceTitle "EXT 2015"]
[Source "ChessBase"]
[SourceDate "2014.11.20"]
[SourceVersion "1"]
[SourceVersionDate "2014.11.20"]
[SourceQuality "1"]
[WhiteTeam "Presov Slavia PU"]
[BlackTeam "Kezmarok II"]
[WhiteTeamCountry "SVK"]
[BlackTeamCountry "SVK"]

1. c4 e5 2. Nc3 Nc6 3. Nf3 Nf6 4. d3 h6 5. g3 d5 6. cxd5 Nxd5 7. Bd2 Be6 8. Bg2 Bb4 9. 0-0 0-0 10. a3 Bd6 11. Ne4 f5 12. Nxd6 cxd6 13. b4 Qd7 14. Qc2 Rac8 15. Qb2 f4 16. Rac1 Bh3 17. Nxe5 dxe5 18. Bxh3 Qxh3 19. Qb3 Nce7 20. e4 f3 0-1